| 000 | 00494nam a2200193Ia 4500 | ||
|---|---|---|---|
| 005 | 20240823031333.0 | ||
| 008 | 240823s9999||||xx |||||||||||||| ||und|| | ||
| 020 | _a0-07-053045-9 | ||
| 041 | _aENGLISH | ||
| 082 | _A681.2 P5 | ||
| 100 | _a"Doebelin,Ernest O" | ||
| 245 | 0 | _aMeasurement Systems : Applications and Design | |
| 250 | _a5th | ||
| 260 |
_c2005 _b"Tata Mcgraw Hill,New " |
||
| 500 | _aTRANSFERED | ||
| 650 |
_aMeasurement _bInstrumentation |
||
| 942 | _cBK | ||
| 999 |
_c190827 _d190827 |
||